Mára kinyitják az egyetemet a középiskolásoknak [rövid hír]
Elmentve itt :
| Dokumentumtípus: | Cikk |
|---|---|
| Megjelent: |
2007-11-29
|
| Sorozat: | Délmagyarország
|
| Kulcsszavak: | Nyílt nap, 2007 |
| Online Access: | http://univ.bibl.u-szeged.hu/32560 |
| LEADER | 00464nab a2200157 i 4500 | ||
|---|---|---|---|
| 001 | univ32560 | ||
| 005 | 20171214104326.0 | ||
| 008 | 171214s2007 hu o 0|| zxx d | ||
| 040 | |a SZTE UnivHistória Repozitórium |b hun | ||
| 041 | |a zxx | ||
| 245 | 0 | 0 | |a Mára kinyitják az egyetemet a középiskolásoknak [rövid hír] |h [elektronikus dokumentum] |
| 260 | |c 2007-11-29 | ||
| 300 | |a 4 | ||
| 490 | 0 | |a Délmagyarország | |
| 561 | |a Egyetemi hirarchívum | ||
| 695 | |a Nyílt nap, 2007 | ||